Brechas éticas en las organizaciones : sistemas virtuosos y tramas perversas /
Guardado en:
| Autor Principal: | |
|---|---|
| Formato: | Libro |
| Idioma: | Spanish |
| Publicado: |
Buenos Aires :
Cengage Learning Argentina,
2012.
|
| Materias: | |
| Etiquetas: |
Agregar Etiqueta
Sin Etiquetas, Sea el primero en etiquetar este registro!
|
| LEADER | 00666nam a22001815a 4500 | ||
|---|---|---|---|
| 001 | EAD.ead004621 | ||
| 008 | 221115s2012####ag#######b####001#0#spa#d | ||
| 005 | 20221125133413.0 | ||
| 245 | 1 | 0 | |a Brechas éticas en las organizaciones : |b sistemas virtuosos y tramas perversas / |c Jorge Etkin. |
| 260 | |a Buenos Aires : |b Cengage Learning Argentina, |c 2012. | ||
| 300 | |a 204 p. ; |c 24 cm. | ||
| 504 | |a Incluye referencias bibliográficas e índice analítico. | ||
| 020 | |a 9789871486649 | ||
| 100 | 1 | |a Etkin, Jorge R. |q (Jorge Ricardo) | |
| 082 | 0 | 4 | |a 174.4 |2 21 |
| 650 | 7 | |a Ética social. |2 unbist | |
| 653 | |a Negocios | ||
| 859 | |a AR-BaBDC |b BIB. ADMINISTRACION - Libros |h 174.4 |i Et46-1 |p b07296 | ||
